000 00157nam a22000857a 4500
082 _a823
100 _aUNKNOWN
245 _aWISE FROGS MORAL STORIES
942 _cBK
999 _c8184
_d8184